| 000 | 01270nam a22002897i 4500 | ||
|---|---|---|---|
| 999 |
_c22762 _d22762 |
||
| 003 | AR-CdUCM | ||
| 008 | 240118b20212021pe ||||| |||| 00| 0 spa d | ||
| 020 | _a978-612-4392-40-5 | ||
| 040 |
_aMUNICIPALIDAD PROVINCIAL DEL CUSCO _cBIBLIOTECA MUNICIPAL DEL CUSCO |
||
| 041 | _hspa | ||
| 082 |
_a001.42 / S235 _bS235 |
||
| 100 |
_aSánchez, Favio A. _949321 |
||
| 245 |
_aInvestigación Cuantitativa, Cualitativa y Mixta : _bFundamentos Epistémicos, Definiciones y Pautas de Redacción / |
||
| 260 |
_aCusco : _bUniversidad Andina del Cusco, _c2021 |
||
| 300 |
_a324 páginas. : _c20 cm. |
||
| 505 | _aFundamentos epistémicos de los enfoques -- Bases epistemológicas -- Fundamentos de la problemática -- Principios éticos de la investigación -- Las hipótesis -- Las variables -- Diseños cuantitativos, cualitativos y mixtos -- Análisis, discusión y conclusiones. | ||
| 650 |
_aLa investigación _949322 |
||
| 650 |
_aEnfoque cuantitativo _949323 |
||
| 650 |
_aEnfoque Cualitativo _949324 |
||
| 650 |
_aPrincipios éticos _949325 |
||
| 650 |
_aVariables, categorías _949326 |
||
| 650 |
_aHipótesis y supuestos _949327 |
||
| 650 |
_aNiveles de Investigación _949328 |
||
| 856 | _fwww.uandina.edu.pe | ||
| 942 |
_2ddc _cLIBROS |
||
| 945 |
_apbj _d18-01-2024 |
||